[Event "Titled Tuesday intern op 23rd Apr Late"]
[Site "Chess.com INT"]
[Date "2024.04.23"]
[Round "10"]
[White "Korchynskyi, Mykola"]
[Black "Martinez Fernandez, Adrian"]
[Result "0-1"]
[WhiteElo "2329"]
[BlackElo "2404"]
[PlyCount "80"]
[EventDate "2024.04.23"]
[EventType "swiss (blitz)"]
[EventRounds "11"]
[EventCountry "USA"]
[SourceTitle "CB18_2024"]
[SourceDate "2024.05.01"]
[SourceVersion "1"]
[SourceVersionDate "2024.05.01"]
[SourceQuality "2"]

1. d4 g6 2. c4 Bg7 3. Nc3 c5 4. e3 cxd4 5. exd4 Nf6 6. Nf3 d5 7. Be3 0-0 8. Be2 Nc6 9. 0-0 dxc4 10. Bxc4 b6 11. Qe2 Bb7 12. Rad1 Na5 13. Bd3 Nd5 14. h3 Rc8 15. Nxd5 Bxd5 16. b3 Nc6 17. Ba6 Ra8 18. Bf4 Nb4 19. Bb5 a6 20. Bc4 b5 21. Bxd5 Nxd5 22. Be5 Nc3 23. Qe1 Nxd1 24. Bxg7 Kxg7 25. Qxd1 Qd5 26. Qe2 e6 27. Rc1 Rac8 28. Re1 Rfd8 29. Qd2 Qf5 30. Re5 Rc2 31. Qe3 Qf6 32. h4 Rd5 33. h5 gxh5 34. Rxd5 exd5 35. Ne5 h6 36. Qg3+ Qg5 37. Qf3 Rc1+ 38. Kh2 Qh4+ 39. Qh3 Qxh3+ 40. Kxh3 Rc2 0-1

[Event "Werther Schloss op 27th"]
[Site "Werther"]
[Date "2024.03.23"]
[Round "5"]
[White "Bilovil, Bogdan"]
[Black "Korchynskyi, Mykola"]
[Result "1-0"]
[WhiteElo "2407"]
[BlackElo "2297"]
[PlyCount "83"]
[EventDate "2024.03.21"]
[EventType "swiss"]
[EventRounds "7"]
[EventCountry "GER"]
[SourceTitle "CB13_2024"]
[SourceDate "2024.03.27"]
[SourceVersion "1"]
[SourceVersionDate "2024.03.27"]
[SourceQuality "1"]

1. d4 d5 2. c4 e6 3. Nf3 Nf6 4. Nc3 Be7 5. Bf4 0-0 6. e3 a6 7. c5 b6 8. cxb6 cxb6 9. Bd3 Bb7 10. h3 Nbd7 11. 0-0 b5 12. a4 b4 13. Nb1 a5 14. Qe2 Qb6 15. Nbd2 Rfc8 16. Rfc1 Ne4 17. Bb5 Ndf6 18. Nxe4 dxe4 19. Ne5 Bd5 20. g4 Ne8 21. Bxe8 Rxe8 22. g5 Bd6 23. Qg4 Bxe5 24. Bxe5 Rec8 25. h4 Qd8 26. h5 Rxc1+ 27. Rxc1 Rc8 28. Rxc8 Qxc8 29. h6 Qc1+ 30. Kg2 Bc4 31. Bg3 Bb3 32. Qf4 Qc8 33. hxg7 Bxa4 34. g6 fxg6 35. Qf6 Qe8 36. b3 Bd7 37. Bf4 a4 38. bxa4 Bxa4 39. Kg1 b3 40. Bh6 Qf7 41. Qd8+ Be8 42. Qd6 1-0

[Event "Titled Tuesday intern op 12th Mar Late"]
[Site "Chess.com INT"]
[Date "2024.03.12"]
[Round "11"]
[White "Antoniou, Rafail"]
[Black "Korchynskyi, Mykola"]
[Result "0-1"]
[WhiteElo "2036"]
[BlackElo "2297"]
[PlyCount "154"]
[EventDate "2024.03.12"]
[EventType "swiss (blitz)"]
[EventRounds "11"]
[EventCountry "USA"]
[SourceTitle "CB12_2024"]
[SourceDate "2023.10.01"]
[SourceVersion "1"]
[SourceVersionDate "2023.10.01"]
[SourceQuality "1"]

1. e4 e6 2. Qe2 c5 3. Nf3 Nc6 4. d3 Nf6 5. Nbd2 d5 6. g3 dxe4 7. dxe4 Be7 8. Bg2 0-0 9. 0-0 Qc7 10. e5 Nd5 11. c4 Nb6 12. b3 Rd8 13. Bb2 Bd7 14. Ne4 Be8 15. Rfd1 a5 16. Qe3 Nb4 17. Nf6+ gxf6 18. exf6 Bf8 19. Qg5+ Kh8 20. Ne5 Rxd1+ 21. Rxd1 Rd8 22. Rxd8 Qxd8 23. Ng4 Qd1+ 24. Bf1 h5 25. Nh6 Kh7 26. Ng8 Qg4 27. Qxg4 hxg4 28. Ne7 Bxe7 29. fxe7 Nc8 30. Bf6 Kg6 31. Bh4 f6 32. Bg2 Nxe7 33. Bxb7 Nf5 34. Be4 Nxa2 35. f3 Nc3 36. Bd3 Kf7 37. fxg4 Nxh4 38. gxh4 Na2 39. Kf2 Bc6 40. Bb1 Nb4 41. h5 Kg7 42. h4 Kh6 43. Kg3 e5 44. Kf2 Bd7 45. Kf3 Be6 46. Be4 Na2 47. Bb1 Nb4 48. Be4 Bd7 49. Bb7 Nc6 50. Ba8 Nd4+ 51. Ke4 Bxg4 52. Kd5 Bf3+ 53. Kxc5 Bxa8 54. b4 axb4 55. Kxb4 e4 56. c5 e3 57. Kc3 e2 58. Kd2 Kxh5 59. Ke1 Kxh4 60. c6 Bxc6 61. Kf2 Kg4 62. Ke1 Kg3 63. Kd2 Kf2 64. Kd3 e1Q 65. Kc4 Qe3 66. Kb4 Qd3 67. Kc5 Qb5+ 68. Kd6 f5 69. Kc7 f4 70. Kd6 f3 71. Ke7 Ne6 72. Kd6 Qd5+ 73. Ke7 Qd7+ 74. Kf6 Ke2 75. Ke5 f2 76. Kf6 f1Q+ 77. Ke5 Qf4# 0-1

[Event "Titled Tuesday intern op 12th Mar Early"]
[Site "Chess.com INT"]
[Date "2024.03.12"]
[Round "1"]
[White "Hoffmann, Asa"]
[Black "Korchynskyi, Mykola"]
[Result "0-1"]
[WhiteElo "2185"]
[BlackElo "2297"]
[PlyCount "54"]
[EventDate "2024.03.12"]
[EventType "swiss (blitz)"]
[EventRounds "11"]
[EventCountry "USA"]
[SourceTitle "CB12_2024"]
[SourceDate "2023.10.01"]
[SourceVersion "1"]
[SourceVersionDate "2023.10.01"]
[SourceQuality "1"]

1. d4 d5 2. Bg5 Nf6 3. Nd2 e6 4. e3 Be7 5. Bd3 0-0 6. f4 b6 7. Ngf3 Bb7 8. 0-0 Ne4 9. Bxe7 Qxe7 10. Bxe4 dxe4 11. Ne5 Nd7 12. Qg4 Rad8 13. c3 c5 14. Nxd7 Rxd7 15. Nc4 Ba6 16. Ne5 Bxf1 17. Nxd7 Qxd7 18. Rxf1 Qb5 19. Rf2 Qd3 20. h4 Qxe3 21. f5 exf5 22. Qxf5 cxd4 23. cxd4 Qxd4 24. Kh2 e3 25. Re2 Qxh4+ 26. Kg1 Qe7 27. Qf4 Re8 0-1

[Event "Titled Tuesday intern op 12th Mar Late"]
[Site "Chess.com INT"]
[Date "2024.03.12"]
[Round "7"]
[White "Korchynskyi, Mykola"]
[Black "Kabanov, Nikolai"]
[Result "1-0"]
[WhiteElo "2297"]
[BlackElo "2434"]
[PlyCount "65"]
[EventDate "2024.03.12"]
[EventType "swiss (blitz)"]
[EventRounds "11"]
[EventCountry "USA"]
[SourceTitle "CB12_2024"]
[SourceDate "2023.10.01"]
[SourceVersion "1"]
[SourceVersionDate "2023.10.01"]
[SourceQuality "1"]

1. d4 Nf6 2. c4 Nc6 3. Nc3 e5 4. e3 Bb4 5. Nf3 d6 6. dxe5 Nxe5 7. Nxe5 dxe5 8. Qa4+ c6 9. Qxb4 Be6 10. Bd2 Qc7 11. Be2 a5 12. Qc5 Nd7 13. Nb5 Qb8 14. Nd6+ Kf8 15. Qa3 Kg8 16. Bc3 f6 17. Rd1 h5 18. c5 h4 19. h3 Qc7 20. Bc4 Bxc4 21. Nxc4 Rh6 22. Nd6 Rg6 23. Qb3+ Kh7 24. Qc4 Rh6 25. Qe4+ Kg8 26. 0-0 Rf8 27. Rd2 Kh8 28. Nf5 Rh7 29. Nxh4 Nxc5 30. Ng6+ Kg8 31. Qc4+ Qf7 32. Ne7+ Kh8 33. Qxc5 1-0

[Event "Titled Tuesday intern op 12th Mar Late"]
[Site "Chess.com INT"]
[Date "2024.03.12"]
[Round "9"]
[White "Uzcategui Rodriguez, Alejandro"]
[Black "Korchynskyi, Mykola"]
[Result "0-1"]
[WhiteElo "2219"]
[BlackElo "2297"]
[PlyCount "112"]
[EventDate "2024.03.12"]
[EventType "swiss (blitz)"]
[EventRounds "11"]
[EventCountry "USA"]
[SourceTitle "CB12_2024"]
[SourceDate "2023.10.01"]
[SourceVersion "1"]
[SourceVersionDate "2023.10.01"]
[SourceQuality "1"]

1. d4 d5 2. Nf3 Nf6 3. c3 Bf5 4. Qb3 Qc8 5. h3 e6 6. Bf4 Bd6 7. Ne5 0-0 8. Nd2 Bg6 9. e3 Ne4 10. Nxe4 Bxe4 11. f3 Bg6 12. Nxg6 hxg6 13. Bxd6 cxd6 14. Bd3 Nc6 15. 0-0 Qc7 16. Rac1 Qe7 17. Qd1 Rac8 18. Bb1 Rfd8 19. Qe1 Na5 20. b3 b6 21. e4 dxe4 22. fxe4 Rc7 23. e5 d5 24. Rf3 Rdc8 25. Qd2 Qe8 26. Rcf1 Nc6 27. h4 b5 28. b4 Ne7 29. Rh3 Nf5 30. g4 Nh6 31. Rf4 Qd8 32. g5 Nf5 33. Rf2 Rc6 34. h5 Qc7 35. Rff3 a5 36. a3 axb4 37. axb4 Ra8 38. Bc2 Ra2 39. Qd1 Rca6 40. Rh2 Ra1 41. Bb1 Qc4 42. h6 gxh6 43. gxh6 Kh7 44. Rf1 Qxc3 45. Qg4 Qe3+ 46. Kh1 R6a3 47. Rg2 Rb3 48. Bd3 Qxd3 49. Rxa1 Rb1+ 50. Rxb1 Qxb1+ 51. Kh2 Qxb4 52. Qf4 Qxd4 53. Qxd4 Nxd4 54. Rd2 Nf3+ 55. Kg3 Nxd2 56. Kf4 Ne4 0-1

[Event "Titled Tuesday intern op 12th Mar Late"]
[Site "Chess.com INT"]
[Date "2024.03.12"]
[Round "6"]
[White "Vlassov, Nikolai"]
[Black "Korchynskyi, Mykola"]
[Result "1-0"]
[WhiteElo "2299"]
[BlackElo "2297"]
[PlyCount "103"]
[EventDate "2024.03.12"]
[EventType "swiss (blitz)"]
[EventRounds "11"]
[EventCountry "USA"]
[SourceTitle "CB12_2024"]
[SourceDate "2023.10.01"]
[SourceVersion "1"]
[SourceVersionDate "2023.10.01"]
[SourceQuality "1"]

1. e4 e6 2. d4 d5 3. e5 c5 4. c3 Nc6 5. Nf3 Qb6 6. Be2 cxd4 7. cxd4 Nge7 8. Na3 Nf5 9. Nc2 Bb4+ 10. Kf1 h5 11. g3 Bd7 12. Kg2 h4 13. g4 h3+ 14. Kf1 Nh4 15. Nxh4 Rxh4 16. Rg1 Be7 17. f4 Rc8 18. Rg3 Nb4 19. Nxb4 Bxb4 20. Be3 Bb5 21. Rc1 Rxc1 22. Qxc1 Bxe2+ 23. Kxe2 Qb5+ 24. Kf3 Kd7 25. Rg1 Qd3 26. Qb1 Qa6 27. Rc1 Rh8 28. Qc2 Rd8 29. a3 Be7 30. Kg3 b6 31. Kxh3 Ke8 32. Kg3 Kf8 33. Qh7 Ke8 34. Rc7 Bf8 35. Qg8 Rd7 36. Rxd7 Kxd7 37. Qxf8 Qd3 38. Qxf7+ Kd8 39. Qf8+ Kc7 40. Qxg7+ Kb8 41. Qf8+ Kb7 42. Qe7+ Ka6 43. Kh4 Qxe3 44. Kg5 Qxd4 45. h4 Qxb2 46. h5 d4 47. h6 d3 48. h7 d2 49. h8Q d1Q 50. Qc8+ Ka5 51. Qxa7+ Kb5 52. Qaa6# 1-0

[Event "Titled Tuesday intern op 23rd Jan Late"]
[Site "Chess.com INT"]
[Date "2024.01.23"]
[Round "10"]
[White "Garcia De Dios, Jose Antonio"]
[Black "Korchynskyi, Mykola"]
[Result "1-0"]
[WhiteElo "2194"]
[BlackElo "2223"]
[PlyCount "67"]
[EventDate "2024.01.23"]
[EventType "swiss (blitz)"]
[EventRounds "11"]
[EventCountry "USA"]
[SourceTitle "CB05_2024"]
[SourceDate "2024.01.31"]
[SourceVersion "1"]
[SourceVersionDate "2024.01.31"]
[SourceQuality "1"]

1. d4 d5 2. c4 e6 3. Nf3 Nf6 4. g3 Be7 5. Bg2 0-0 6. 0-0 b6 7. cxd5 exd5 8. Nc3 Bb7 9. Ne5 Nbd7 10. Qa4 Nb8 11. Bg5 c6 12. Rad1 b5 13. Qc2 Nbd7 14. e4 b4 15. Nxd7 Qxd7 16. Bxf6 Bxf6 17. Na4 Rae8 18. Nc5 Qc7 19. Nxb7 Qxb7 20. exd5 cxd5 21. Qf5 Rd8 22. Rfe1 b3 23. a3 Qb6 24. Bxd5 Bxd4 25. Re7 Bxb2 26. Rxf7 Rxf7 27. Qxf7+ Kh8 28. Re1 Qb5 29. Bxb3 Bxa3 30. Bc4 Qc6 31. Bd5 Qc8 32. h4 Bc5 33. Qh5 Rf8 34. Re2 1-0

[Event "Titled Tuesday intern op 23rd Jan Late"]
[Site "Chess.com INT"]
[Date "2024.01.23"]
[Round "9"]
[White "Korchynskyi, Mykola"]
[Black "Mekhitarian, Krikor Sevag"]
[Result "0-1"]
[WhiteElo "2223"]
[BlackElo "2554"]
[PlyCount "60"]
[EventDate "2024.01.23"]
[EventType "swiss (blitz)"]
[EventRounds "11"]
[EventCountry "USA"]
[SourceTitle "CB05_2024"]
[SourceDate "2024.01.31"]
[SourceVersion "1"]
[SourceVersionDate "2024.01.31"]
[SourceQuality "1"]

1. d4 Nf6 2. c4 g6 3. Nc3 d5 4. cxd5 Nxd5 5. e4 Nxc3 6. bxc3 Bg7 7. Be3 c5 8. Qd2 Qa5 9. Nf3 Nc6 10. Be2 cxd4 11. Nxd4 Qc7 12. 0-0 0-0 13. Qb2 Bd7 14. Rfd1 Na5 15. Rac1 Rac8 16. c4 Nc6 17. Qa3 a6 18. h3 Nxd4 19. Bxd4 Bxd4 20. Rxd4 Bc6 21. Bf3 Rfd8 22. Rcd1 e5 23. Rxd8+ Rxd8 24. Rxd8+ Qxd8 25. Qc5 f6 26. Kh2 Kf7 27. h4 Qd4 28. Qb4 Qxf2 29. h5 Qd4 30. hxg6+ hxg6 0-1

[Event "Titled Tuesday intern op 16th Jan Early"]
[Site "Chess.com INT"]
[Date "2024.01.16"]
[Round "4"]
[White "Cieslak, Patryk"]
[Black "Korchynskyi, Mykola"]
[Result "1-0"]
[WhiteElo "2284"]
[BlackElo "2223"]
[PlyCount "120"]
[EventDate "2024.01.16"]
[EventType "swiss (blitz)"]
[EventRounds "11"]
[EventCountry "USA"]
[SourceTitle "CB04_2024"]
[SourceDate "2023.10.16"]
[SourceVersion "1"]
[SourceVersionDate "2023.10.16"]
[SourceQuality "1"]

1. c4 e6 2. Nf3 d5 3. g3 Nf6 4. Bg2 Be7 5. 0-0 0-0 6. d4 b6 7. Ne5 Bb7 8. Nc3 Nbd7 9. Qa4 c6 10. Nxd7 Nxd7 11. Rd1 a6 12. Qb3 b5 13. c5 a5 14. a4 b4 15. Nb1 Ba6 16. Qc2 Nf6 17. Bf4 Re8 18. Bf3 Nd7 19. Bg4 Bf6 20. e4 e5 21. Bxd7 Qxd7 22. dxe5 Bxe5 23. Be3 d4 24. f4 d3 25. fxe5 dxc2 26. Rxd7 cxb1B 27. Rxb1 Rxe5 28. Rd4 Rae8 29. Rbd1 f6 30. Rd8 Rxe4 31. Rxe8+ Rxe8 32. Kf2 Bc4 33. Rd7 Bb3 34. Ra7 Bxa4 35. Rxa5 Bb5 36. Ra7 Re4 37. Rd7 Rc4 38. h4 Rc2+ 39. Rd2 Rc4 40. Kf3 Kf7 41. h5 Ke6 42. Rd6+ Ke5 43. Bf4+ Rxf4+ 44. gxf4+ Kf5 45. Rd7 g6 46. Rxh7 gxh5 47. Rxh5+ Ke6 48. Ke4 Bc4 49. f5+ Ke7 50. Rh7+ Kf8 51. Rc7 Bd5+ 52. Kd4 b3 53. Ke3 Ke8 54. Kf4 Kd8 55. Rh7 Ke8 56. Kg4 Kf8 57. Kh5 Bf7+ 58. Kh6 Ke7 59. Kg7 Ke8 60. Kxf6 Bc4 1-0

[Event "Titled Tuesday intern op 16th Jan Late"]
[Site "Chess.com INT"]
[Date "2024.01.16"]
[Round "1"]
[White "Demina, Marya"]
[Black "Korchynskyi, Mykola"]
[Result "0-1"]
[WhiteElo "1936"]
[BlackElo "2223"]
[PlyCount "52"]
[EventDate "2024.01.16"]
[EventType "swiss (blitz)"]
[EventRounds "11"]
[EventCountry "USA"]
[SourceTitle "CB04_2024"]
[SourceDate "2023.10.16"]
[SourceVersion "1"]
[SourceVersionDate "2023.10.16"]
[SourceQuality "1"]

1. d4 d5 2. c4 e6 3. Nc3 Nf6 4. Nf3 Be7 5. Bg5 0-0 6. e3 b6 7. cxd5 Nxd5 8. Bxe7 Nxe7 9. Bd3 Nd7 10. 0-0 Bb7 11. e4 c5 12. Qe2 cxd4 13. Nxd4 Nc5 14. Ncb5 e5 15. Bc4 exd4 16. Rad1 Ng6 17. Rxd4 Qg5 18. Nd6 Bc6 19. Qf3 Ne5 20. Qf5 Qxf5 21. Nxf5 Nxc4 22. Ne7+ Kh8 23. Nxc6 Nxb2 24. Rb1 Nbd3 25. g3 Rfc8 26. Ne7 Rd8 0-1

[Event "Titled Tuesday intern op 16th Jan Late"]
[Site "Chess.com INT"]
[Date "2024.01.16"]
[Round "9"]
[White "Korchynskyi, Mykola"]
[Black "Balla, Tamas Kristof"]
[Result "1-0"]
[WhiteElo "2223"]
[BlackElo "2283"]
[PlyCount "125"]
[EventDate "2024.01.16"]
[EventType "swiss (blitz)"]
[EventRounds "11"]
[EventCountry "USA"]
[SourceTitle "CB04_2024"]
[SourceDate "2023.10.16"]
[SourceVersion "1"]
[SourceVersionDate "2023.10.16"]
[SourceQuality "1"]

1. d4 d5 2. c4 e6 3. Nc3 c5 4. e3 Nc6 5. Nf3 Nf6 6. cxd5 exd5 7. Be2 Bd6 8. dxc5 Bxc5 9. 0-0 0-0 10. a3 Bg4 11. b4 Bd6 12. Bb2 a6 13. h3 Bh5 14. Nd4 Bxe2 15. Ncxe2 Ne5 16. Nf5 Bc7 17. Nf4 Nc4 18. Bxf6 Qxf6 19. Qxd5 Nb6 20. Qc5 Bxf4 21. exf4 Kh8 22. Ng3 Rac8 23. Qg5 Qb2 24. Rae1 h6 25. Qg4 Nc4 26. Nf5 Qf6 27. Ng3 Nd2 28. f5 Nxf1 29. Nh5 Qg5 30. Rxf1 Qxg4 31. hxg4 Rc3 32. Rd1 Rxa3 33. Rd7 Rb3 34. Rxb7 a5 35. Ra7 axb4 36. Rb7 Rb1+ 37. Kh2 b3 38. f4 b2 39. g5 hxg5 40. fxg5 Rc8 41. g6 fxg6 42. fxg6 Rh1+ 43. Kxh1 Rc1+ 44. Kh2 b1Q 45. Rxb1 Rxb1 46. Nf4 Rf1 47. Kg3 Kg8 48. Kg4 Kf8 49. Ne6+ Kg8 50. Nf4 Ra1 51. Kg5 Ra5+ 52. Kg4 Ra6 53. Kf5 Rf6+ 54. Kg5 Kf8 55. g4 Ke7 56. Nd5+ Ke6 57. Nxf6 gxf6+ 58. Kh6 Ke5 59. g7 f5 60. gxf5 Kxf5 61. g8Q Ke4 62. Qf7 Kd3 63. Qe6 1-0

[Event "Titled Tuesday intern op 16th Jan Late"]
[Site "Chess.com INT"]
[Date "2024.01.16"]
[Round "11"]
[White "Korchynskyi, Mykola"]
[Black "Bogaudinov, Rushan"]
[Result "1-0"]
[WhiteElo "2223"]
[BlackElo "1853"]
[PlyCount "141"]
[EventDate "2024.01.16"]
[EventType "swiss (blitz)"]
[EventRounds "11"]
[EventCountry "USA"]
[SourceTitle "CB04_2024"]
[SourceDate "2023.10.16"]
[SourceVersion "1"]
[SourceVersionDate "2023.10.16"]
[SourceQuality "1"]

1. d4 Nf6 2. c4 e6 3. Nc3 Bb4 4. Qc2 d5 5. Bg5 h6 6. Bh4 0-0 7. cxd5 exd5 8. e3 Bg4 9. Be2 Bxe2 10. Ngxe2 Nbd7 11. 0-0 c6 12. a3 Bd6 13. b4 a6 14. Bg3 Qe7 15. Rab1 Bxg3 16. Nxg3 g6 17. Rfc1 Nb6 18. Nf1 Nc4 19. Qa2 b5 20. Nd2 Nxe3 21. fxe3 Qxe3+ 22. Kh1 Qxd4 23. Nf3 Qb6 24. h3 Rae8 25. Qd2 Ne4 26. Nxe4 dxe4 27. Nd4 e3 28. Qc3 Qd8 29. Nxc6 Qg5 30. Re1 Rc8 31. Rbc1 Rfe8 32. Qc5 Qxc5 33. Rxc5 Kg7 34. Kg1 f5 35. g3 Kf6 36. Kg2 Re4 37. Kf3 Rc4 38. Rxc4 bxc4 39. Nd4 c3 40. Kxe3 g5 41. Kd3 f4 42. gxf4 gxf4 43. Re6+ Kg5 44. Rxa6 h5 45. Ra5+ Kh4 46. Rf5 Kg3 47. Ne2+ Kxh3 48. Rxf4 c2 49. Rf1 Kg2 50. Rc1 Kf2 51. Nf4 Rd8+ 52. Kc3 h4 53. Rxc2+ Kf3 54. Ne6 Rc8+ 55. Kb2 Rxc2+ 56. Kxc2 Kg4 57. b5 h3 58. b6 h2 59. b7 h1Q 60. b8Q Qe4+ 61. Kb3 Qxe6+ 62. Ka4 Qa6+ 63. Kb4 Qe2 64. Qg8+ Kf5 65. Qd5+ Kf6 66. a4 Qb2+ 67. Ka5 Qc3+ 68. Ka6 Ke7 69. Qb7+ Kd6 70. a5 Qc6+ 71. Ka7 1-0

[Event "Titled Tuesday intern op 16th Jan Early"]
[Site "Chess.com INT"]
[Date "2024.01.16"]
[Round "3"]
[White "Korchynskyi, Mykola"]
[Black "George Micheal, Kevin"]
[Result "1-0"]
[WhiteElo "2223"]
[BlackElo "2261"]
[PlyCount "127"]
[EventDate "2024.01.16"]
[EventType "swiss (blitz)"]
[EventRounds "11"]
[EventCountry "USA"]
[SourceTitle "CB04_2024"]
[SourceDate "2023.10.16"]
[SourceVersion "1"]
[SourceVersionDate "2023.10.16"]
[SourceQuality "1"]

1. d4 d5 2. c4 e6 3. Nc3 Nf6 4. cxd5 exd5 5. Bg5 c6 6. e3 Be7 7. Nf3 Bf5 8. Bd3 Bxd3 9. Qxd3 Nbd7 10. 0-0 0-0 11. a3 a5 12. Rab1 Ne4 13. Bxe7 Qxe7 14. Nd2 Nxd2 15. Qxd2 Nb6 16. Qc2 Nc4 17. Ne2 h6 18. Nf4 Rfe8 19. Nd3 a4 20. Rbc1 Qe4 21. Qc3 Qe7 22. Nc5 b6 23. Nd3 b5 24. Nb4 Qf6 25. Rfe1 Re6 26. Nd3 Qf5 27. Nf4 Re7 28. Rf1 Kh7 29. Qb4 Rc7 30. Rc3 Qd7 31. Nd3 Qe7 32. Nc5 Rca7 33. Rc2 Qf8 34. Re2 f5 35. Rfe1 Qe7 36. Qc3 Qe8 37. f3 Re7 38. e4 fxe4 39. fxe4 dxe4 40. Nxe4 Qg6 41. Nf6+ Qxf6 42. Rxe7 Rf8 43. Qd3+ Kh8 44. h3 Qf2+ 45. Kh1 Nd6 46. Qg6 Qf6 47. Qxf6 Rxf6 48. R7e6 Nc4 49. Rxf6 gxf6 50. Re6 Nxb2 51. Rxc6 Nc4 52. Rxf6 Nxa3 53. Rxh6+ Kg7 54. Rb6 Kf7 55. d5 Ke7 56. h4 Nc4 57. Rxb5 a3 58. Rb4 a2 59. Ra4 Nb6 60. Rxa2 Nxd5 61. Rf2 Nf6 62. Kh2 Ng4+ 63. Kg3 Nxf2 64. Kxf2 1-0

[Event "Titled Tuesday intern op 16th Jan Early"]
[Site "Chess.com INT"]
[Date "2024.01.16"]
[Round "5"]
[White "Korchynskyi, Mykola"]
[Black "Klepikov, Nikita"]
[Result "1-0"]
[WhiteElo "2223"]
[BlackElo "2059"]
[PlyCount "89"]
[EventDate "2024.01.16"]
[EventType "swiss (blitz)"]
[EventRounds "11"]
[EventCountry "USA"]
[SourceTitle "CB04_2024"]
[SourceDate "2023.10.16"]
[SourceVersion "1"]
[SourceVersionDate "2023.10.16"]
[SourceQuality "1"]

1. d4 Nf6 2. c4 d6 3. Nc3 e5 4. Nf3 Nbd7 5. Bg5 Be7 6. dxe5 dxe5 7. e3 0-0 8. Be2 c6 9. 0-0 h6 10. Bh4 Qc7 11. Qc2 Re8 12. Rad1 Nc5 13. b4 Na6 14. a3 b6 15. Bg3 Bf8 16. Qb2 Qe7 17. Bh4 Nc7 18. Ne4 Bf5 19. Bxf6 gxf6 20. Nd6 Bg6 21. Nxe8 Nxe8 22. Nh4 Bh7 23. g3 Nd6 24. Qc1 Qe6 25. Bf3 e4 26. Bg2 Nxc4 27. Rd4 b5 28. Rfd1 a5 29. a4 Bxb4 30. Bf1 Na3 31. Ng2 Bf5 32. Nf4 Qb3 33. Qxc6 Kg7 34. Qxa8 Be7 35. axb5 Nxb5 36. Bxb5 Qxb5 37. Rd5 Qb3 38. Qxa5 Bg4 39. Re1 Bb4 40. Qb5 Qc3 41. Rf1 Bf3 42. Rd8 Be7 43. Ra8 Bd6 44. Qe8 f5 45. Qh8# 1-0